| 000 | 00382nam a22001577a 4500 | ||
|---|---|---|---|
| 005 | 20180727144605.0 | ||
| 008 | 160629b xxu||||| |||| 00| 0 eng d | ||
| 041 | _aeng | ||
| 082 |
_b10986 _a658.3 |
||
| 100 |
_aJoshi, Vishwanath and Dutta, Swati _94646 |
||
| 245 | _aOrganisational Development | ||
| 260 | _bSymbions | ||
| 300 | _a130p, | ||
| 650 |
_aManagement _9241 |
||
| 942 | _cBK | ||
| 999 |
_c4593 _d4591 |
||